Datum a čas kvízu
32.5
Celkem bodů
Celkový počet nahraných bodů na tomto kvízu bez doplňovacích otázek.
12.
Pořadí na kvízu
Konečné umístění týmu na tomto kvízu.
Zaznamenané odpovědi
| # | Otázka | Odpověď | Body | Výsledky |
|---|---|---|---|---|
| 1. | Česko monitoruje situaci a vyh... | Severní Korea | 0 | |
| 2. | Nepříjemný závěr své cesty zaž... | olympijské hry v Paříži | 1 | |
| 3. | Česká národní banka vydala stř... | Bedřich Smetana | 1 | |
| 4. | Společnost Euronet, která prov... | Janek Rubeš | 1 | |
| 5. | Ve kterém britském městě se od... | v Glasgow | 0 | |
| 6. | Napište český i latinský název... | kost stehenní, femur (os femoris) | 1 | |
| 7. | Ve kterém kraji České republik... | v Královéhradeckém | 1 | |
| 8. | Antropoložce Brennanové, hlavn... | Temperance | 0 | |
| 9. | Kterému zvířeti patří tato kos... | ptakopyskovi | 0 | |
| 10. | V září roku 2012 byla pod park... | Richard III. | 0.5 |